| 000 | 00819nam a22002177a 4500 | ||
|---|---|---|---|
| 999 |
_c17677 _d17677 |
||
| 003 | AR-CdUCM | ||
| 008 | 190305b ||||| |||| 00| 0 spa d | ||
| 040 |
_aMUNICIPALIDAD PROVINCIAL DEL CUSCO _cBIBLIOTECA MUNICIPAL DEL CUSCO |
||
| 082 |
_a985.009 / _bB25 |
||
| 100 |
_aBartra S. J., Enrique _99888 |
||
| 245 | _aSanto Toribio de Mogrovejo / | ||
| 260 | _bHernan Alva Orlando | ||
| 300 |
_a95 páginas ; _c21 cm. |
||
| 440 |
_aBiblioteca hombres del Perú _nSegunda serie _937816 |
||
| 505 | _aContenido: Un arzobispo para medio continente -- El estudiante de Salamanca -- Manos a la obra -- La carta magna de la iglesia de América -- Para dar al Perú un alma cristiana ... | ||
| 650 |
_aBiografía _922 |
||
| 650 |
_aPerú _935 |
||
| 650 |
_aSantos _99890 |
||
| 942 |
_2ddc _cLIBROS |
||
| 945 |
_arjall _d2019-05-09 |
||